Quizzes
Events
Quiz Creation
Community
Videos
Private Events
Remove Ads
Sign In
Join for FREE
Feedback
Dark Mode
Quiz Categories
Sports
Geography
Music
Movies
Television
Just For Fun
Miscellaneous
History
Literature
Language
Science
Gaming
Entertainment
Religion
Holiday
For Kids
Quiz Lab
Recent
Popular Today
Quiz Kudos Today
Editor Picks
Curator Picks
Quizzes by...
Day
Popularity
Type
Ratings
Length
Year
Community
Subscriptions
Recent Discussions
Orange Saloon
Badges
Playlists
Quests
Create
Leaderboards
Showdown
Live 5
Trivia Bingo
Activity
Puzzle Library
Sporcle Events
Private Events
Virtual Trivia
Globe League
Become a Host
Pub Owners
SporcleCon
Opinionation
Our Games
Videos
Blog
Mobile Apps
Partnerships
Remove Ads and Go Orange
Feedback
Music
Pop Music
The Beatles
Song
Album
Lyrics
Bands
Singers
Artist
Clip
Rock
Rap
Classical
Billboard
Country Music
Kpop
Taylor Swift
Music
Pop Music
The Beatles
Song
Album
Lyrics
Bands
Singers
Artist
Clip
Rock
Rap
Classical
Billboard
Country Music
Kpop
Taylor Swift
Random Quiz
Search Sporcle
×
Quiz Lab
Quiz Lab
Music
Lyrics
Type in answers that appear in a list
Type in answers that appear in a list
Classic
Best Score? Go Orange.
Lorde - 'Writer In the Dark' Lyrics Stats
Can you name the lyrics to 'Writer In the Dark' by Lorde?
By
gabbyxlouise
8m
269 Questions
1,933 Plays
1,933 Plays
1,933 Plays
Comments
Comments
Give Quiz Kudos
Give Quiz Kudos
-
- Ratings
hide this ad
Replay
Link that replays current quiz
Next Quiz
Link to next quiz in quiz playlist
You Got
0%
They Got
Avg Score
90%
Avg Friend Score
Upgrade to see
Score Distribution
Jump to the score distribution portion of the page
Score
0/269
Timer
08:00
0
Plays Today
Lyrics
% Correct
the
99.4%
the
99.4%
the
99.4%
the
99.4%
the
99.4%
the
99.4%
the
99.4%
the
99.4%
the
99.4%
the
99.4%
the
99.4%
the
99.4%
the
99.4%
the
99.4%
the
99.4%
the
99.4%
the
99.4%
the
99.4%
the
99.4%
I
99%
I
99%
I
99%
I
99%
I
99%
I
99%
I
99%
I
99%
I
99%
you
99%
you
99%
you
99%
you
99%
you
99%
you
99%
you
99%
you
99%
you
99%
you
99%
you
99%
you
99%
you,
99%
you,
99%
you
99%
you
99%
you
99%
you
99%
you
99%
you
99%
you
99%
you
99%
you
99%
you
99%
you
99%
you
99%
you
99%
you,
99%
a
98.7%
a
98.7%
a
98.7%
a
98.7%
a
98.7%
a
98.7%
a
98.7%
a
98.7%
a
98.7%
a
98.7%
a
98.7%
a
98.7%
in
98.2%
in
98.2%
in
98.2%
in
98.2%
in
98.2%
in
98.2%
in
98.2%
in
98.2%
in
98.2%
in
98.2%
dark
98%
dark
98%
dark
98%
dark
98%
dark
98%
dark
98%
be
97.9%
be
97.9%
be
97.9%
writer
97.9%
writer
97.9%
writer
97.9%
Lyrics
% Correct
writer
97.9%
writer
97.9%
writer
97.9%
kissed
96.6%
kissed
96.6%
kissed
96.6%
kissed
96.6%
kissed
96.6%
kissed
96.6%
my
96.3%
my
96.3%
my
96.3%
my
96.3%
my
96.3%
my
96.3%
my
96.3%
my
96.3%
love
96.1%
love
96.1%
love
96.1%
love
96.1%
love
96.1%
day
96.1%
day
96.1%
day
96.1%
day
96.1%
day
96.1%
day
96.1%
me
95.7%
me
95.7%
me,
95.7%
me
95.7%
on
95.6%
on
95.6%
on
95.6%
on
95.6%
on
95.6%
on
95.6%
Bet
95%
Bet
95%
Bet
95%
Bet
95%
Bet
95%
Bet
95%
To
94.8%
to
94.8%
to
94.8%
to
94.8%
'til
94.8%
'til
94.8%
'til
94.8%
'til
94.8%
I'll
94.1%
I'll
94.1%
I'll
94.1%
I'll
94.1%
I'll
94.1%
I'll
94.1%
mother's
94%
mother's
94%
am
93.9%
am
93.9%
call
93.9%
call
93.9%
and
93.8%
and
93.8%
and
93.8%
child,
93.8%
and
93.8%
and
93.8%
and
93.8%
child,
93.8%
cops
93.8%
cops
93.8%
rue
92.4%
rue
92.4%
rue
92.4%
rue
92.4%
rue
92.4%
rue
92.4%
stops
92%
stops
92%
breathing
90.8%
breathing
90.8%
for
90%
for
90%
her
90%
her
90%
heart
89.1%
heart
89.1%
Lyrics
% Correct
Now
89%
now
89%
Now
89%
darkest
88.9%
darkest
88.9%
good
88.3%
good
88.3%
you're
88%
someone
88%
gonna
87.9%
gonna
87.9%
man
87.8%
else
87.7%
like
87.3%
like
87.3%
she's
86.9%
lock
86.9%
she's
86.9%
lock
86.9%
without
86.3%
without
86.3%
never
85.5%
was
85.3%
way
85.2%
way
85.2%
babe
85.1%
babe...
85.1%
out
84.9%
find
84.9%
find
84.9%
walking
83.7%
news,
83.6%
Break
83.3%
secret
82.1%
secret
82.1%
sing
82.1%
sing
82.1%
play
81.7%
play
81.7%
But
81.1%
But
81.1%
Sorry
80.9%
hours,
79.4%
hours,
79.4%
change
78.8%
power
77.6%
power
77.6%
mind
77.2%
of
76.5%
I've
76%
I've
76%
our
75.9%
our
75.9%
it
75.9%
then
75.1%
let
74.9%
seasons
73.8%
lips
73.5%
needing
73.4%
just
73.2%
When
73.2%
name
73.2%
crowd
73.1%
see
72.5%
stumbled
71.9%
stumbled
71.9%
still
71.8%
stopped
71.4%
read
71.4%
will
71.2%
down
71.1%
hearing
70.9%
here
70.9%
since
70.8%
subway,
70.2%
say
70%
best
69.9%
Did
69.8%
signs
69.5%
exist
69%
Hated
68.8%
changed?
68.6%
ride
67.4%
feel
67%
chest
64.5%
kept
64%
Slow
64%
Stood
62.6%
pseudo-ephedrine
53.1%
Quiz Playlist
Details
Report
Send in Message
Add To Playlist
Classic:
Type in answers that appear in a list
Last Updated: Aug 17, 2017
Quiz Scoreboard
CHALLENGE
Sign Up to Join the Scoreboard
Show All
Scores
Hide
Comments
May contain spoilers
Recently Published
Movies - When Are They Set?
by FPL_Elf
Movies
5m
Popular People in 1961
by mucciniale
History
6m
1-10 Letter E Words III
by El_Dandy
Language
2m
More to Explore
Quiz From the Vault
Featured Blog Post
Where Did the Easter Bunny Come From?
hide this ad
You Might Also Like...
Tags
Lyrics Quiz
lorde
Today's Top Quizzes in Music
Browse Music
hide this ad
Today's Top Quizzes in Lyrics
Browse Lyrics
Top Contributed Quizzes in Music
1
Taylor Swift All Songs (2024)
2
2010s Album by Cover III
3
Guess the Artist- 70s Songs
4
One Thing in Common: Music
5
Taylor Swift Logic Puzzle
6
Guess the Taylor Swift song (Mystery Song)
7
2010s Album by Cover IV
8
2010s Album by Cover V
9
KPOP LOGIC QUIZ
10
Kpop Logic Quiz
Explore More
Trending Topics
Disney
Anime
Crossword
Harry Potter
Marvel
NBA
Kpop
NFL
WWE
The Office
Pokémon
Song
Soccer
Country
Puzzle
hide this ad
More By:
gabbyxlouise
Quiz
Plays
Rating
Category
Featured
Created
Taylor Swift - 'Anti-Hero' Lyrics
38,393
4.62
Music
Oct 21, 2022
The Chainsmokers feat. Halsey - 'Closer' Lyrics
11,924
4.89
Music
Aug 11, 2016
Melanie Martinez - 'Pity Party' Lyrics
8,437
5.00
Music
Mar 7, 2016
Ariana Grande - 'Into You' Lyrics
8,158
4.75
Music
Aug 9, 2016
Taylor Swift - 'You're On Your Own, Kid' Lyrics
8,017
5.00
Music
Oct 21, 2022
Go to Creator's Profile
Score Distribution
Quiz Creator Spotlight
gabbyxlouise
Follow
Send a Message
Quizzes Created
-
Created Quiz Play Count
-
More By This Creator
Popular Quizzes Today
1
Find the Countries of Europe - No Outlines Minefield
2
Find the US States - No Outlines Minefield
3
The Countries of the World
4
Popular People in 1961
5
US States
6
1-10 Letter E Words III
7
Find the US States
8
One Thing in Common: World Cities II
More Music Quizzes
Quick Pick: Paramore's Brand New Eyes
Quiz Lab
Trending Quizzes
Risky Map Clicking: Least Populous States A-Z
1-10 Letter F Words
1-10 Letter G Words
One Thing in Common: United Kingdom
Risky Map Clicking: Next State Alphabetically
Recently Updated
Leaping Animals
pecheneg
Reality TV Shows (A-Z)
bhenderson79
Rickey Henderson's Hall of Fame Teammates
pecheneg
Champions League XIs: Arsenal
pecheneg
Quick Pick: Celebrities in WWE's Hall of Fame
aduchscher
A-Z Keypad Blitz II
pecheneg
Multiple Oscar Actors
pecheneg
Mystery Phrase Blitz: Oscar 'Best Actors'
pecheneg
F. Scott Fitzgerald Novels
LTH
Pick 3 Villains
ddd62291
Trending Topics
NBA
Harry Potter
Disney
Marvel
Kpop
Crossword
Anime
Pokémon
NFL
WWE
Song
The Office
Puzzle
Soccer
Country
Your Account Isn't Verified!
In order to create a playlist on Sporcle, you need to verify the email address you used during registration. Go to your
Sporcle Settings
to finish the process.
Report this User
Report this user for behavior that violates our
Community Guidelines
.
Details:
Send Report
Go to the Sporcle.com Mobile Site →
Comments